Les départements votant le plus Macron en 2022 - Statistiques

Statistiques générales
  • Ce quiz a été pris 27 fois
  • Le résultat moyen est 21 sur 30
Statistiques - réponses
Pourcentage Région Département % Correct
35,34 % Île-de-France Paris
100%
31,02 % Bretagne Côtes d'Armor
90%
32,21 % Bretagne Finistère
90%
33,41 % Île-de-France Yvelines
90%
37,11 % Île-de-France Hauts-de-Seine
86%
28,72 % Nouvelle-Aquitaine Gironde
81%
31,98 % Pays-de-la-Loire Loire-Atlantique
81%
32,68 % Bretagne Morbihan
81%
30,61 % Auvergne-Rhône-Alpes Rhône
81%
31,16 % Normandie Calvados
76%
27,95 % Normandie Seine-Maritime
76%
29,10 % Île-de-France Val-de-Marne
76%
30,70 % Grand Est Bas-Rhin
71%
28,92 % Centre-Val-de-Loire Loiret
71%
32,57 % Normandie Manche
71%
36,40 % Pays-de-la-Loire Mayenne
71%
35,64 % Pays-de-la-Loire Vendée
71%
35,59 % Pays-de-la-Loire Maine-et-Loire
67%
28,24 % Pays-de-la-Loire Sarthe
67%
30,53 % Auvergne-Rhône-Alpes Haute-Savoie
62%
28,87 % Nouvelle-Aquitaine Charente-Maritime
57%
34,50 % Bretagne Île-et-Vilaine
57%
30,99 % Centre-Val-de-Loire Indre-et-Loire
57%
28,63 % Grand Est Marne
52%
30,48 % Normandie Orne
52%
28,00 % Auvergne-Rhône-Alpes Puy-de-Dôme
52%
28,42 % Auvergne-Rhône-Alpes Cantal
48%
28,55 % Bourgogne-Franche-Comté Côte d'Or
48%
32,93 % Nouvelle-Aquitaine Deux-Sèvres
43%
29,28 % Nouvelle-Aquitaine Vienne
43%
Aucun quiz correspondant
Distribution des résultats
% des personnes avec chaque résultat
Percentile par nombre de réponses
Votre historique - résultats
Vous n’avez pas pris ce quiz